| 000 | 00542nam a2200169Ia 4500 | ||
|---|---|---|---|
| 003 | SGT | ||
| 020 | _a9789350060469 | ||
| 082 |
_a530 _bPRA |
||
| 100 | _aPrakash,Satya | ||
| 245 | _aEngineering physics | ||
| 250 | _a8th Ed. | ||
| 260 |
_bPragati Prakashan _aN.Delhi _c2010 |
||
| 300 | _a296p. | ||
| 650 | _aENGINEERING PHYSICS | ||
| 653 | _aCRYSTAL STRUCTURE,BONDING IN SOLIDS,ORIGIN AND FOUNDATIONS OF QUANTUM THEORY,SCHRODINGER WAVE EQUATION AND WAVE FUNCTION,NAN-SCIENCE,FREE ELECTRON THEORY,BAND THEORY OF SOLIDS | ||
| 942 |
_2ddc _cBK _0121 |
||
| 999 |
_c5121 _d5121 |
||